Biggest Cities Beginning With 'M' - Statistics

General Stats
  • This quiz has been taken 90 times
    71 since last reset
  • The average score is 49 of 320
Answer Stats
Population Country City % Correct
3,223,334 Spain Madrid
98%
127,138 Colombia Madrid
98%
8,918,653 Mexico Mexico City
98%
149,041 Cote d'Ivore Man
97%
4,196,198 Australia Melbourne
97%
12,506,468 Russia Moscow
97%
1,404,239 Italy Milan
95%
2,020,600 Belarus Minsk
95%
12,691,836 India Mumbai
95%
1,704,694 Canada Montréal
94%
1,471,508 Germany Munich
94%
1,600,000 Philippines Manila
92%
1,304,687 Uruguay Montevideo
90%
130,549 India Moga
89%
4,901,000 Somalia Mogadishu
87%
794,811 France Marseille
86%
563,561 United Kingdom Manchester
84%
109,565 United States Manchester
84%
1,323,624 Saudi Arabia Mecca
84%
1,080,277 Mozambique Maputo
83%
2,533,424 Colombia Medellín
81%
797,000 Oman Muscat
81%
1,052,217 Nicaragua Managua
79%
1,300,000 Saudi Arabia Medina
79%
928,850 Morocco Marrakesh
76%
1,021,762 Liberia Monrovia
75%
2,219,580 Brazil Manaus
73%
1,208,333 Kenya Mombasa
73%
1,135,512 Mexico Monterrey
73%
520,400 China (Macau) Macau
70%
2,262,600 Venezuela Maracaibo
62%
646,889 United States Memphis
60%
382,578 United States Minneapolis
57%
1,739,800 Iraq Mosul
57%
307,960 Germany Mannheim
56%
568,305 Spain Málaga
54%
1,750,971 Indonesia Medan
54%
2,307,177 Iran Mashhad
52%
399,457 United States Miami
52%
1,208,099 Myanmar Mandalay
51%
301,706 Sweden Malmö
48%
147,074 Bahrain Manama
46%
330,760 Lesotho Maseru
46%
594,833 United States Milwaukee
44%
248,252 France Montpellier
44%
103,693 Maldives Male
41%
1,053,500 Argentina Mendoza
40%
1,213,726 DR Congo Mbuji-Mayi
38%
205,764 United States Montgomery
38%
436,870 Spain Murcia
38%
132,440 Equatorial Guinea Malabo
37%
439,041 United States Mesa
37%
233,209 United States Madison
35%
184,997 Germany Mainz
35%
777,615 Mexico Mérida
33%
289,800 Venezuela Mérida
33%
219,948 Italy Messina
33%
270,184 Germany Münster
33%
319,263 Russia Murmansk
33%
721,599 Canada Mississauga
30%
1,321,717 Indonesia Makassar
29%
1,437,230 Pakistan Multan
29%
261,742 Germany Mönchengladbach
27%
158,886 Italy Modena
25%
195,111 United States Mobile
24%
319,934 Argentina Morón
24%
104,518 Bosnia & Herzegovina Mostar
24%
689,775 Mexico Mexicali
22%
142,707 United Kingdom Middlesbrough
22%
110,128 Canada Milton
22%
464,700 Venezuela Maracay
21%
123,914 France Metz
21%
229,941 United Kingdom Milton Keynes
21%
122,378 Netherlands Maastricht
19%
909,908 India Madurai
19%
481,626 Ukraine Mariupol
19%
1,223,184 India Meerut
19%
201,165 United States Modesto
19%
229,826 Germany Magdeburg
17%
618,278 Nigeria Maiduguri
17%
114,680 Turkmenistan Mary
17%
111,147 United States Midland
17%
1,033,196 China Màomíng
16%
129,877 United States McAllen
16%
413,351 Russia Magnitogorsk
14%
706,453 Tanzania Mwanza
14%
369,200 Belarus Mahilyow
13%
171,958 United Kingdom Mansfield
13%
171,000 Germany Mülheim
13%
1,025,360 Brazil Maceió
11%
746,716 Indonesia Malang
11%
134,623 Spain Marbella
11%
1,032,197 Mozambique Matola
11%
131,117 United States McKinney
11%
107,167 United States Miami Gardens
11%
122,041 Mexico Miramar
11%
118,614 Mexico Miramar
11%
193,365 United States Moreno Valley
11%
657,847 China Mă'ānshān
10%
497,959 Russia Makhachkala
10%
385,279 Tanzania Mbeya
10%
520,428 Morocco Meknès
10%
139,824 United States Mesquite
10%
119,618 Italy Monza
10%
107,627 United Kingdom Maidstone
8%
246,050 India Mau
8%
303,282 Afghanistan Mazār-e Sharīf
8%
537,842 Turkey Mersin
8%
189,191 Nigeria Minna
8%
172,637 Hungary Miskolc
8%
110,115 Jamaica Montego Bay
8%
721,139 India Morādābād
8%
868,313 India Mysore
8%
512,902 Brazil Macapá
6%
190,829 Egypt Mallawī
6%
381,583 Mexico Mazatlán
6%
107,816 Germany Moers
6%
108,755 United States Murfreesboro
6%
180,671 Malaysia Malacca
5%
417,387 India Mangalore
5%
328,966 Canada Markham
5%
499,000 Somalia Merca
5%
213,462 China Mílè
5%
129,127 Japan Mino
5%
496,992 Guatemala Mixco
5%
597,511 Mexico Morelia
5%
111,430 France Mulhouse
5%
103,466 United States Murrieta
5%
221,272 Malawi Mzuzu
5%
113,609 China Maba
3%
441,805 Turkey Malatya
3%
119,859 Kenya Malindi
3%
243,971 Turkey Manisa
3%
570,271 Egypt Mansoura
3%
217,553 Ecuador Manta
3%
245,862 DR Congo Matadi
3%
105,908 Philippines Mati
3%
612,551 China Méizhōu
3%
1,033,000 China Miányáng
3%
107,045 Kosovo Mitrovicë
3%
137,251 Chad Moundou
3%
127,897 Malaysia Muar
3%
790,623 China Mŭdānjiāng
3%
186,208 Zimbabwe Mutare
3%
510,840 Ukraine Mykolaiv
3%
244,722 Madagascar Mahajanga
2%
124,634 Sierra Leone Makeni
2%
114,528 South Sudan Malakal
2%
451,893 Indonesia Manado
2%
267,249 Niger Maradi
2%
626,300 Argentina Mar del Plata
2%
201,371 Cameroon Maroua
2%
144,485 Cuba Matanzas
2%
210,667 Japan Matsumoto
2%
443,322 Japan Matsuyama
2%
144,055 Russia Maykop
2%
111,300 Uganda Mbale
2%
262,814 DR Congo Mbandaka
2%
221,300 Uganda Mbarara
2%
145,441 Algeria Médéa
2%
323,700 Ethiopia Mek'ele
2%
158,000 Ukraine Melitopol
2%
147,662 Italy Mestre
2%
138,481 United States Metairie
2%
149,526 Indonesia Metro
2%
163,809 South Africa Middelburg
2%
133,508 Ecuador Milagro
2%
228,212 Malaysia Miri
2%
121,669 Libya Miṣrātah
2%
311,203 Japan Miyazaki
2%
109,968 China Mizhou
2%
208,612 Morocco Mohammédia
2%
135,931 Bolivia Montero
2%
305,840 Tanzania Morogoro
2%
184,292 Tanzania Moshi
2%
188,050 Philippines Mabalacat City
0%
261,501 Brazil Macaé
0%
231,260 Ecuador Machala
0%
302,671 China Máchéng
0%
399,969 Japan Machida
0%
192,827 India Machilīpatnam
0%
108,593 India Madanapelle
0%
161,126 India Madhyamgram
0%
186,099 Indonesia Madiun
0%
282,711 Japan Maebashi
0%
140,156 Colombia Magangué
0%
111,461 Indonesia Magelang
0%
233,254 Philippines Magugpo Poblacio
0%
162,434 Iran Mahābād
0%
136,135 India Mahbūbnagar
0%
185,072 Colombia Maicao
0%
101,937 Brazil Mairiporã
0%
131,696 China Majie
0%
510,383 Philippines Makati City
0%
376,610 Ukraine Makiyivka
0%
151,515 Nigeria Makurdi
0%
101,300 Belarus Maladzyechna
0%
139,566 Colombia Malambo
0%
455,000 Angola Malanje
0%
176,573 Iran Malāyer
0%
435,362 India Mālegaon
0%
113,840 India Māler Kotla
0%
150,000 India Malkajgiri
0%
198,748 Philippines Malolos
0%
305,576 Philippines Mandaluyong City
0%
331,320 Philippines Mandaue City
0%
129,733 Pakistan Mandi Bahauddin
0%
124,988 India Mandsaur
0%
134,845 India Mandya
0%
107,184 Egypt Manfalūṭ
0%
446,160 Colombia Manizales
0%
116,760 North Korea Manpho
0%
265,032 Philippines Mantampay
0%
130,035 Mexico Manzanillo
0%
248,420 China Mănzhōulĭ
0%
283,542 Brazil Marabá
0%
229,458 Brazil Maracanaú
0%
124,191 Iran Marand
0%
143,627 Philippines Marawi City
0%
300,424 Pakistan Mardan
0%
133,490 Uzbekistan Margilan
0%
105,800 Paraguay Mariano Roque Alonso
0%
114,800 Venezuela Mariara
0%
164,504 Brazil Maricá
0%
240,590 Brazil Marília
0%
430,157 Brazil Maringá
0%
153,062 Egypt Marsā Maṭrūḥ
0%
131,449 Indonesia Martapura
0%
116,600 Uganda Masaka
0%
434,371 South Korea Masan
0%
183,874 Nicaragua Masaya
0%
108,629 Algeria Mascara
0%
111,510 Iran Masjed Soleymān
0%
163,782 Nicaragua Matagalpa
0%
318,674 Indonesia Mataram
0%
121,722 Spain Mataró
0%
330,511 India Mathura
0%
130,855 Japan Matsubara
0%
470,277 Japan Matsudo
0%
156,811 Japan Matsue
0%
508,200 Venezuela Maturín
0%
477,552 Brazil Mauá
0%
438,861 Myanmar Mawlamyine
0%
108,824 Mozambique Maxixe
0%
112,137 Belarus Mazyr
0%
153,349 India Medinīpur
0%
268,259 China Méihékŏu
0%
177,442 Myanmar Meiktila
0%
480,000 China Méishān
0%
141,352 El Salvador Mejicanos
0%
141,612 Chile Melipilla
0%
191,400 China Mèngzhōu
0%
197,772 China Mentougou
0%
280,341 Turkey Merkezefendi
0%
184,839 Philippines Meycauayan
0%
101,026 Russia Mezhdurechensk
0%
132,819 Iran Mīāndoāb
0%
167,500 Russia Miass
0%
412,500 China Mìluó
0%
224,015 Japan Minamirinkan
0%
112,046 Mexico Minatitlán
0%
375,339 Japan Minato
0%
204,323 China Míngguāng
0%
279,914 Pakistan Mingora
0%
114,858 China Mingshui
0%
123,018 China Minzhu
0%
101,234 India Miriālgūda
0%
215,657 Pakistan Mirpur Khas
0%
104,831 South Korea Miryang
0%
220,029 India Mirzāpur
0%
176,612 China Mìshān
0%
113,479 Japan Mishima
0%
246,538 Japan Mito
0%
130,994 Japan Miyakonojō
0%
450,785 Brazil Mogi das Cruzes
0%
153,033 Brazil Mogi Guaçu
0%
123,484 India Mohali
0%
112,557 Indonesia Mojokerto
0%
224,044 South Korea Mokpo
0%
215,271 Mexico Monclova
0%
203,163 India Monghyr
0%
505,334 Colombia Montería
0%
413,487 Brazil Montes Claros
0%
182,011 Myanmar Monywa
0%
120,786 Mali Mopti
0%
185,031 Sri Lanka Moratuwa
0%
118,022 India Morbi
0%
152,004 India Morena
0%
148,350 Japan Moriguchi
0%
295,172 Japan Morioka
0%
102,345 India Mormugao
0%
300,618 Brazil Mossoró
0%
162,885 Algeria Mostaganem
0%
206,478 Spain Móstoles
0%
112,144 India Mothīhāri
0%
132,975 Algeria M'Sila
0%
137,589 South Africa Mthatha
0%
128,900 Nigeria Mubi
0%
291,555 Thailand Mueang Nonthaburi
0%
151,309 Zambia Mufulira
0%
258,132 Yemen Mukalla
0%
191,300 Uganda Mukono
0%
109,392 Brazil Muriaé
0%
132,094 Philippines Muricay
0%
164,246 Pakistan Muridke
0%
126,931 Russia Murom
0%
195,856 India Murwāra
0%
137,479 Japan Musashino
0%
134,327 Tanzania Musoma
0%
101,412 Turkey Mustafakemalpaşa
0%
725,000 Pakistan Muzaffarābād
0%
165,192 Pakistan Muzaffargarh
0%
349,706 India Muzaffarnagar
0%
333,200 India Muzaffarpur
0%
170,786 DR Congo Mwene-Ditu
0%
173,298 Myanmar Myeik
0%
141,713 Myanmar Myingyan
0%
225,126 Bangladesh Mymensingh
0%
122,310 Vietnam Mỹ Tho
0%
160,542 Russia Mytishchi
0%
No matching quizzes found
Score Distribution
Percent of People with Each Score
Percentile by Number Answered
Your Score History
You have not taken this quiz since the last reset